Eleventh hour: a quick revision guide for PG entrance examinations (Record no. 31319)

MARC details
000 -LEADER
fixed length control field 00663nam a2200157 a 4500
008 - FIXED-LENGTH DATA ELEMENTS--GENERAL INFORMATION
fixed length control field 160405s2008 ||||||||||||||||| || u
020 ## - INTERNATIONAL STANDARD BOOK NUMBER
International Standard Book Number 9788184483529
050 ## - LIBRARY OF CONGRESS CALL NUMBER
Classification number RC 58 Sha
100 ## - MAIN ENTRY--PERSONAL NAME
Personal name Shaikh, Zakirhusain
245 10 - TITLE STATEMENT
Title Eleventh hour: a quick revision guide for PG entrance examinations
Statement of responsibility, etc. By Zakirhusain Shaikh
260 ## - PUBLICATION, DISTRIBUTION, ETC.
Place of publication, distribution, etc. New Delhi
Name of publisher, distributor, etc. Jaypee Brothers Medical publishers
Date of publication, distribution, etc. 2008
300 ## - PHYSICAL DESCRIPTION
Extent x, 296p.
350 ## -
-- 3.32
650 ## - SUBJECT ADDED ENTRY--TOPICAL TERM
Topical term or geographic name entry element MEDICAL COLLEGES -- ENTRANCE EXAMINATIONS
995 ## -
-- MEDICAL LIBRARY OPEN ACCESS
-- 903499
-- CBU-SCHOOL OF MEDICINE LIBRARY (Ndola)
-- 3.32
-- RC 58 Sha
-- 1
-- AVAILABLE
-- Apr 14, 2016
-- 903499
-- Medical Library Open Access Collection
999 ## -
-- 31319
-- 31319
Holdings
Withdrawn status Lost status Source of classification or shelving scheme Damaged status Not for loan Permanent Location Current Location Shelving location Date acquired Total Checkouts Full call number Barcode Date last seen Price effective from Koha item type
          CBU-SCHOOL OF MEDICINE LIBRARY, NDOLA. CBU-SCHOOL OF MEDICINE LIBRARY, NDOLA.   11/30/2022   RC 58 Sha 903499 11/30/2022 11/30/2022 MONOGRAPH